[Event "IM Marmaris Karia III 2018"]
[Site "Mentese Mugla"]
[Date "2018.10.30"]
[Round "10.5"]
[White "Rzayev, Bahruz"]
[Black "Alaz, Ahmet Efekan"]
[Result "1/2-1/2"]
[WhiteElo "2381"]
[BlackElo "2121"]
[Annotator "TA"]
[PlyCount "61"]
[EventDate "2018.10.26"]
[EventType "tourn"]
[EventCountry "TUR"]
[SourceTitle "playchess.com"]
[Source "ChessBase"]
[SourceQuality "1"]

{[%evp 26,61,7,-28,-3,-17,-6,-12,-29,-59,-52,-50,-49,-66,-39,-88,-89,-86,-39,-86,-43,-37,-54,-111,-101,-111,-111,-111,-111,-119,-91,-91,-84,-111,-111,-122,-111,-112]} 1. e4 c6 2. d4 d5 3. Nd2 dxe4 4. Nxe4 Bf5 5. Ng3 Bg6 6. h4 h6 7. h5 Bh7 8. Nf3 Nd7 9. Bd3 Bxd3 10. Qxd3 e6 11. Bd2 Ngf6 12. O-O-O Be7 13. Kb1 O-O 14. Rhe1 {LiveBook: 12 Games. B19: Classical Caro-Kann: 4...Bf5 main line} (14. Ne4 c5 15. g4 Nxg4 16. Qe2 Qb6 17. Ne5 Ndxe5 18. dxe5 f5 19. exf6 Nxf6 20. Nc3 Rad8 21. Rhg1 Kh8 22. Rg6 {½-½ (38) Saric,I (2662)-Nisipeanu,L (2672) Heraklio 2017}) 14... Qc7 15. Ne5 $146 ({Predecessor:} 15. c4 Rfe8 16. Ne5 Nf8 17. Bf4 Qa5 18. Qf3 Rad8 19. Bd2 Qa6 {½-½ (28) Schippan,B (2168)-Willemze,T (2290) Ruhrgebiet 2004}) 15... c5 16. Nxd7 {The position is equal.} Qxd7 17. dxc5 Qxd3 ({Much weaker is} 17... Bxc5 $6 18. Qxd7 Nxd7 19. Ne4 $14) 18. cxd3 Bxc5 19. Be3 Rac8 (19... Bb4 {with more complications.} 20. Rg1 Rfd8 21. Ne4 Ng4 22. a3 Ba5) 20. Rc1 {[#]} Bxe3 $1 21. fxe3 Nd5 22. Nf1 Rfd8 23. Rxc8 $1 Rxc8 24. Rc1 (24. g4 $15) 24... Rxc1+ $17 {Black is better.} 25. Kxc1 {[%mdl 4096] Endgame KN-KN} Nb4 26. Kd2 Nxa2 27. e4 Nb4 28. Kc3 Nc6 29. Ne3 Kf8 30. d4 Ke7 31. b4 {Precision: White = 40%, Black = 44%.} 1/2-1/2